000 01024njm a2200277Ia 4500
001 87562
003 IT-RoPAU
005 20220918181126.0
008 131025s9999 xx 000 0 und d
040 _aIT-RoPAU
040 _cIT-RoPAU
999 _c100189
_d100189
999 _bn.d.
100 _aAnonimo
_9883
100 _eAutore musica
_926792
100 _gCodice autore musica SPICS: 2620
_9885
245 _aMariachi Internacional
250 _a1a ed.
260 _aMEXICO
260 _bPEERLES
_c1970 [1a Ed.:1970 - Ed. Lingua Orig.: 1970]
300 _aDISCO
500 _aMusica folk messicana
505 _aLa bamba - El colas - Las mananitas - Jarabe tapatio - La raspa - Las golondrinas - Guadalajara (Pepe Guizar) - Cielito lindo (Elpidio Ramirez) - Cucurrucucu paloma (Tomas Mendez Sosa) - La negra (Fuentes-Vargas) - La malaguena (Ramirez-Galindo-Castillo)
650 _aFOLK [DISCHI]
_eCodice MATERIA SPICS: 9950
_91209
700 _aPalomar Roman
_gCodice interprete SPICS: 20402
_eInterprete
_926793
942 _cMD
_2ddc